000 00801nam a2200265Ii 4500
008
020 _a0412157004 (pbk.)
049 _aMAIN
090 _aTK7881.15
100 1 _aRamshaw, Raymond.
245 1 0 _aPower electronics :
_bthyristor controlled power for electric motors /
_cRaymond Ramshaw.
250 _aELBS ed.
260 _aLondon :
_bChapman and Hall,
_c1978.
300 _ax, 223 p. :
_bill. ;
_c24 cm.
440 _aModern electrical studies
504 _aIncludes bibliographical references.
650 0 _aThyristor control.
650 0 _aElectric driving.
650 0 _aElectric controllers
907 _a.b10068302
_b11-08-05
_c17-04-03
003
005 20230123133702.0
040 _cNUST
942 _cBOOKS
_kTK7881.15
999 _c152871
_d152871